000 00347pab a2200133 454500
008 180718b1999 xxu||||| |||| 00| 0 eng d
100 _aMcFarlance, Bruce
245 _aThe unfolding of the Asean economic crisis
260 _c1999
300 _ap.56-75
650 _aEconomic recession
773 _aJournal of Contemporary Asia
909 _a40847
999 _c40847
_d40847